000 00431nam a2200169Ia 4500
008 230711s9999||||xx |||||||||||||| ||und||
020 _a978-81-7515-246-5
041 _aENG
082 _a690
_bSH-C
100 _aShrivastava,U K
245 0 _aConstruction planning and management
250 _a3rd Ed.
260 _c2005
_aNew Delhi
_bGalgotia Publications Pvt.Ltd
300 _a528
650 _aCivil Engineering
942 _cBK
999 _c4785
_d4785